000 00512nam a2200157 a 4500
001 000025681
005 20200930023952.0
008 110221s1987 dr 000 0 spa d
040 _aDO-SdBNP
_bspa
_cBNPHU
100 1 _aCastillo, Santiago
_952447
245 1 3 _aLa tragedia de México profetizada :
_b... y otras revelaciones futura.
260 _aSanto Domingo :
_bImpresora Castillo,
_c1987.
300 _a64 p. ;
_c21 cm.
500 _aIncluye datos biográficos del autor en la contracubierta
049 _aBNPD
999 _c25173
_d25173